ABC del folklore colombiano / (Registro nro. 57877)

Detalles MARC
000 -CABECERA
Longitud fija campo de control 03114nam a2200421 c 4500
003 - • IDENTIFICADOR DELl NÚMERO DE CONTROL
Identificador del número de control CO-BoRNBP
005 - • FECHA Y HORA DE LA ÚLTIMA TRANSACCIÓN
Fecha y hora de la última transacción 20250811215204.0
007 - • CAMPO FIJO DE DESCRIPCIÓN FÍSICA
Campo fijo de descripción física ta
008 - • CÓDIGOS DE INFORMACIÓN DE LONGITUD FIJA
Códigos de información de longitud fija 221113r20142019ck abo|gr|||| s 0dspa d
020 ## - • NÚMERO INTERNACIONAL NORMALIZADO PARA LIBROS
Número Internacional Normalizado para Libros (ISBN) 9789583001789
040 ## - FUENTE DE LA CATALOGACIÓN
Centro catalogador de origen CO-BoRNBP
Lengua de catalogación spa
Normas de descripción rda
Centro transcriptor CO-BoRNBP
041 0# - • CÓDIGO DE LENGUA
Código de lengua del texto/banda sonora o título independiente spa
043 ## - CÓDIGO DE ÁREA GEOGRÁFICA
Código de área geográfica s-ck---
082 04 - • NÚMERO DE LA CLASIFICACIÓN DECIMAL DEWEY
Número de clasificación (R) 398.09861
Número del ítem A11a
Número de edición 22
100 ## - • PUNTO DE ACCESO PRINCIPAL-NOMBRE DE PERSONA
Nombre de persona Abadía Morales, Guillermo,
Fechas asociadas al nombre 1912-2010
Término indicativo de función aut
245 10 - • TITULO PROPIAMENTE DICHO
Título ABC del folklore colombiano /
Mención de responsabilidad, etc. Guillermo Abadía Morales ; ilustrado por Claudia García Ochoa ; fotografía de Daniel Valencia ; edición de Alberto Ramírez Santos.
250 ## - • MENCIÓN DE EDICIÓN
Mención de edición Primera edición.
Resto de la mención de edición Décimo quinta reimpresión, Decimo sexta reimpresión
264 #1 - PRODUCCIÓN, PUBLICACIÓN , DISTRIBUCIÓN, FABRICACIÓN Y COPYRIGHT
Lugar de producción, publicación, distribución, fabricación Bogotá, Colombia :
Nombre del productor, editor, distribuidor, fabricante Panamericana Editorial,
Fecha de de producción, publicación, distribución, fabricación o copyright 2019-2023
300 ## - • DESCRIPCIÓN FÍSICA
Extensión 202 páginas :
Otras características físicas ilustraciones, mapas, fotografías a color y a blanco y negro
336 ## - TIPO DE CONTENIDO
Término de tipo de contenido texto
Código de tipo de contenido txt
Fuente rdacontenido
337 ## - TIPO DE MEDIO
Nombre del tipo de medio sin mediación
Código del tipo de medio n
Fuente rdamedio
338 ## - TIPO DE SOPORTE
Nombre del tipo de soporte volumen
Código del tipo de soporte nc
Fuente rdasoporte
500 ## - • NOTA GENERAL
Nota general El material de la dotación PNLB 2022, corresponde a la décimo quinta reimpresión de 2019
500 ## - • NOTA GENERAL
Nota general Incluye datos biográficos del autor en la solapa
505 0# - • NOTA DE CONTENIDO CON FORMATO
Título (R ) ¿Qué es el folklore?
-- Región Andina.
-- Región Caribe.
-- Región Pacífica.
-- Región Llanera.
-- Región insular.
-- Las fiestas más importantes de Colombia.
-- Tonadas y cantos indígenas.
-- Clasificación de cantos y tonadas indígenas colombianos.
-- Cuadro de tribus indígenas colombianas actuales.
-- Lista de instrumentos musicales del folklore colombiano.
-- Cantos, tonadas y aires folklóricos de Colombia
520 ## - • NOTA DE RESUMEN
Resumen, etc, El maestro Guillermo Abadía Morales nos conduce a través del folclore colombiano, revelándonos un país pluricultural y multiétnico. Su obra nos interna de manera fácil y didáctica en las cinco grandes regiones del país (andina, caribe, pacífica, llanera e insular) mostrándonos el folclore literario integrado por coplas, refranes, dichos y adivinanzas; el folclore musical con sus principales instrumentos, tonadas y cantos; el folclore coreográfico, sus trajes, sus danzas y juegos del cuerpo; el folclore material expresado en las artesanías, mitos, supersticiones, medicina popular, comidas y bebidas. El texto reseña las fiestas, carnavales y festivales más importantes de la tradición colombiana. Nos ilustra sobre la génesis y simbiosis de las diferentes manifestaciones raciales y estéticas del país. El texto y su recorrido, como dice el propio maestro, nos enseña que el folclore muere cuando se olvidan las raíces. Acompañado de ilustraciones y cuadros que complementan la valiosa información
521 ## - • NOTA DE PÚBLICO DESTINATARIO
Nota público destinatario (R ) Recomendado para público en general
586 ## - • NOTA DE PREMIOS
Nota de premios Premio Nacional de Educación, a la vida y obra de un educador
650 07 - • PUNTO DE ACCESO ADICIONAL DE MATERIA - TÉRMINO DE MATERIA
Término de materia o nombre geográfico como elemento inicial Cultura popular
Subdivisión geográfica Colombia
Fuente del encabezamiento o término lemb
650 00 - • PUNTO DE ACCESO ADICIONAL DE MATERIA - TÉRMINO DE MATERIA
Término de materia o nombre geográfico como elemento inicial Musica Colombiana
Fuente del encabezamiento o término LEMB
650 07 - • PUNTO DE ACCESO ADICIONAL DE MATERIA - TÉRMINO DE MATERIA
Término de materia o nombre geográfico como elemento inicial Folclor
Subdivisión geográfica Colombia
Subdivisión de forma cuentos
Fuente del encabezamiento o término LEMB
655 ## - • TÉRMINO DE INDIZACIÓN - GÉNERO/FORMA
Datos o término principal de género/forma Cuentos
9 (RLIN) 324660
700 ## - • PUNTO DE ACCESO ADICIONAL - NOMBRE DE PERSONA
Nombre de persona García Ochoa, Claudia
Término indicativo de función ill
700 ## - • PUNTO DE ACCESO ADICIONAL - NOMBRE DE PERSONA
Nombre de persona Valencia, Daniel
Término indicativo de función pht
700 1# - • PUNTO DE ACCESO ADICIONAL - NOMBRE DE PERSONA
Nombre de persona Ramírez Santos, Alberto,
Fechas asociadas al nombre editor
Término indicativo de función edt
942 ## - ENTRADA DE ELEMENTOS AGREGADOS (KOHA)
Fuente de clasificaión o esquema Dewey Decimal Classification
Koha [por defecto] tipo de item LIbro
Existencias
Perdido Fuente de clasificación o esquema Estado Físico No para préstamo Forma de adquisición Localización permanente Localización actual Localización en estanterías Fecha adquisición Préstamos totales Signatura completa Código de barras Fecha última consulta Número de copia Fecha del precio de reemplazo Tipo de item de Koha
  Dewey Decimal Classification     Colección General Biblioteca Pública Mapiripan - Jorge Eliecer Gaitán Biblioteca Pública Mapiripan - Jorge Eliecer Gaitán General 08/11/2025   398.09861 A11a MPJG00483 08/11/2025 Ej.1 08/11/2025 LIbro









Instituto Departamental de Cultura del Meta - Red Departamental de Bibliotecas Públicas del Meta.